Washington State Ferries Fleet - Statistics

General Stats
  • This quiz has been taken 5 times
  • The average score is 16 of 21
Answer Stats
Class Name % Correct
Issaquah MV Issaquah
100%
Issaquah MV Kitsap
100%
Jumbo Mark II MV Puyallup
100%
Kwa-di Tabil MV Salish
100%
Jumbo MV Spokane
100%
Olympic MV Suquamish
100%
Jumbo MV Walla Walla
100%
Issaquah MV Cathlamet
67%
Issaquah MV Chelan
67%
Kwa-di Tabil MV Chetzemoka
67%
Olympic MV Chimacum
67%
Super MV Kaleetan
67%
Kwa-di Tabil MV Kennewick
67%
Olympic MV Samish
67%
Issaquah MV Sealth
67%
Jumbo Mark II MV Tacoma
67%
Evergreen State MV Tillikum
67%
Olympic MV Tokitae
67%
Jumbo Mark II MV Wenatchee
67%
Super MV Yakima
67%
Issquah MV Kittitas
33%
No matching quizzes found
Score Distribution
Percent of People with Each Score
Percentile by Number Answered
Your Score History
You have not taken this quiz